00353cam a2200109 a 4500020003500000040000800035082002600043100001900069245008300088260004800171300002400219 a155587293X (hc : alk. paper) : cDLC00a327 LYN 1992 A089 Or.1 aShemesh, Haim.10aSoviet-Iraqi relations, 1968-1988 :bin the shadow of the Iraq-Iran conflict / aBoulder :bLynne Rienner Publishers,c1992. ax, 285 p. ;c24 cm.